Dzielnice Warszawy według ulic - Statystyki

Ogólne statystyki
  • Ten quiz został rozwiązany 46 razy
  • Średni wynik to 16 z 18
Statystyki odpowiedzi
Ulica 1 Ulica 2 Dzielnica % Poprawnych
Nowy Świat Marszałkowska Śródmieście
100%
Jana III Sobieskiego Wołoska Mokotów
95%
Grochowska Al. Stanów Zjednoczonych Praga-Południe
95%
Patriotów Trakt Lubelski Wawer
93%
Al. Obrońców Grodna Powstańców Śląskich Bemowo
90%
Modlińska Płochocińska Białołęka
90%
Jagiellońska Targowa Praga-Północ
90%
Aleja Krakowska Łopuszańska Włochy
90%
Grójecka Wawelska Ochota
88%
Żołnierska Cyrulików Rembertów
88%
Traktorzystów Regulska Ursus
88%
Jana Ciszewskiego Al. Komisji Edukacji Narodowej Ursynów
88%
Trakt Brzeski Okuniewska Wesoła
88%
Al. Prymasa Tysiąclecia Towarowa Wola
88%
Zygmunta Krasińskiego Księdza Jerzego Popiełuszki Żoliborz
88%
Pułkowa Al. gen. Marii Wittek Bielany
85%
Radzymińska Piotra Wysockiego Targówek
85%
Przyczółkowa Al. Rzeczypospolitej Wilanów
85%
Nie znaleziono quizów pasujących do podanych kryteriów
Rozkład punktacji
Procent ludzi z każdym wynikiem
Percentyl według liczby udzielonych odpowiedzi
Twoja historia wyników
Nie rozwiązałeś tego quizu